Central Library OPAC University of Rajshahi

Welfare state : (Record no. 36252)

MARC details
000 -LEADER
fixed length control field 00798nam a2200265 a 4500
001 - CONTROL NUMBER
control field 36252
003 - CONTROL NUMBER IDENTIFIER
rucl marc code BD-RjUL
005 - DATE AND TIME OF LATEST TRANSACTION
control field 20211209052447.0
008 - FIXED-LENGTH DATA ELEMENTS--GENERAL INFORMATION
fixed length control field 140618s1968 pk b 001 0 eng d
035 ## - SYSTEM CONTROL NUMBER
System control number OCLC 35637 from rgo065
-- BD-RjUL
040 ## - CATALOGING SOURCE
Original cataloging agency DLC
Transcribing agency DLC
Modifying agency BD-RjUL
Language of cataloging eng
041 ## - LANGUAGE CODE
Language code of text/sound track or separate title eng
082 ## - DEWEY DECIMAL CLASSIFICATION NUMBER
Classification number 361.95491
Author mark and year KHW 1968
100 1# - MAIN ENTRY--PERSONAL NAME
Personal name Khalid, Mohammad
9 (RLIN) 110328
245 10 - TITLE STATEMENT
Title Welfare state :
Remainder of title a case study of Pakistan /
Statement of responsibility, etc. by Mohammad Khalid
260 ## - PUBLICATION, DISTRIBUTION, ETC. (IMPRINT)
Place of publication, distribution, etc. Karachi :
Name of publisher, distributor, etc. Royal Book Co,
Date of publication, distribution, etc. 1968.
300 ## - PHYSICAL DESCRIPTION
Pagination viii, 327 p., xiv ;
Size 22 cm
504 ## - BIBLIOGRAPHY, ETC. NOTE
Bibliography, etc Includes bibliography and index.
650 #0 - SUBJECT ADDED ENTRY--TOPICAL TERM
Topical term or geographic name as entry element Welfare state
9 (RLIN) 110329
651 #0 - SUBJECT ADDED ENTRY--GEOGRAPHIC NAME
Geographic name Pakistan
General subdivision Politics and government
9 (RLIN) 110330
Geographic name Pakistan
General subdivision Social policy
9 (RLIN) 82440
942 ## - ADDED ENTRY ELEMENTS (KOHA)
Source of classification or shelving scheme Dewey Decimal Classification
Koha item type Books
Holdings
Lost status Source of classification or shelving scheme Damaged status Not for loan Collection code Permanent Location Current Location Shelving location Date acquired Source of acquisition Total Checkouts Full call number Date last seen Copy number Koha item type Cost, normal purchase price
  Dewey Decimal Classification     Non-fiction Central Library, University of Rajshahi Central Library, University of Rajshahi   03/06/1968 Asia Fundation Gift   361.95491 KHW 1968 18/06/2014 C-2 Books  
  Dewey Decimal Classification     Non-fiction Central Library, University of Rajshahi Central Library, University of Rajshahi   03/06/1968 continental publication   361.95491 KHW 1968 19/06/2014 C-3 Books 12.50
  Dewey Decimal Classification     Non-fiction Central Library, University of Rajshahi Central Library, University of Rajshahi   03/06/1968 continental publication   361.95491 KHW 1968 19/06/2014 C-8 Books 12.50
  Dewey Decimal Classification     Non-fiction Central Library, University of Rajshahi Central Library, University of Rajshahi   03/06/1968 Comtimental Publication   361.95491 KHW 1968 19/06/2014 C-5 Books 12.50
  Dewey Decimal Classification     Non-fiction Central Library, University of Rajshahi Central Library, University of Rajshahi   03/06/1968 continental publication   361.95491 KHW 1968 19/06/2014 C-6 Books 12.50
  Dewey Decimal Classification     Non-fiction Central Library, University of Rajshahi Central Library, University of Rajshahi   03/06/1968 Comtimental Publication   361.95491 KHW 1968 19/06/2014 C-9 Books 12.50
  Dewey Decimal Classification     Non-fiction Central Library, University of Rajshahi Central Library, University of Rajshahi   10/06/1970 ROYAL BOOK   361.95491 KHW 1968 21/06/2014 C-7 Books 20.00
  Dewey Decimal Classification   Not For Loan Non-fiction Central Library, University of Rajshahi Central Library, University of Rajshahi Reading Room 02/02/1970 ROYAL BOOK   361.95491 KHW 1968 21/06/2014 C-4 Books 20.00
  Dewey Decimal Classification     Non-fiction Central Library, University of Rajshahi Central Library, University of Rajshahi   03/06/1968 Comtimental Publication   361.95491 KHW 1968 22/06/2014 C-10 Books 12.50
  Dewey Decimal Classification   Not For Loan Non-fiction Central Library, University of Rajshahi Central Library, University of Rajshahi Reading Room 03/06/1968 Comtimental Publication   361.95491 KHW 1968 22/06/2014 C-1 Books 12.50